logo

Bir Sreshtho Munshi Abdur Rouf Library
Jhenaidah Cadet College

পবিত্র কোরআনুল করীম : (Record no. 6174)

MARC details
000 -LEADER
fixed length control field 01000nam a2200229 a 4500
001 - CONTROL NUMBER
JCCL Control Number 6174
003 - CONTROL NUMBER IDENTIFIER
JCCL marc code BD-JhCC
005 - DATE AND TIME OF LATEST TRANSACTION
control field 20221213134024.0
008 - FIXED-LENGTH DATA ELEMENTS--GENERAL INFORMATION
fixed length control field 180115s1993 iy |||| || | 000 0 b d
035 ## - SYSTEM CONTROL NUMBER
system control number (BD-JhCC)6174
040 ## - CATALOGING SOURCE
Original cataloging agency BD-JhCC
Modifying agency BD-JhCC
041 ## - LANGUAGE CODE
Language code of Book eng
082 ## - DEWEY DECIMAL CLASSIFICATION NUMBER
Classification number 297.1225
Author mark and Year POB 1993
245 ## - TITLE STATEMENT
Title পবিত্র কোরআনুল করীম :
Remainder of title বাংলা অনুবাদ ও সংক্ষিপ্ত তফসীর /
Statement of responsibility, etc হযরত মাওলানা মুফতী মুহাম্মদ শাফী' (রহঃ); মাওলানা মহিউদ্দিন খান(অনুবাদক)
260 ## - PUBLICATION, DISTRIBUTION, ETC. (IMPRINT)
Place of publication, distribution, etc মদিনা মোনাওয়ারা :
Date of publication, distribution, etc 1993
300 ## - PHYSICAL DESCRIPTION
Pagination 1487 P. :
Dimensions 24 cm.
650 ## - SUBJECT ADDED ENTRY--TOPICAL TERM
Topical term or geographic name as entry element Al-Quran
700 ## - ADDED ENTRY--PERSONAL NAME
Personal name শাফী', হযরত মাওলানা মুফতী মুহাম্মদ
700 ## - ADDED ENTRY--PERSONAL NAME
Personal name খান, মাওলানা মহিউদ্দিন
942 ## - ADDED ENTRY ELEMENTS (KOHA)
Source of classification or shelving scheme Dewey Decimal Classification
Koha item type Books
Koha issues (borrowed), all copies 6
Holdings
Source of classification or shelving scheme Damaged status Not for loan Home library Current library Shelving location Date of accession Total Checkouts Full call number Barcode Date last seen Date checked out Copy number Koha item type
Dewey Decimal Classification     JCC Rouf Library JCC Rouf Library General Stacks 10/16/2023 1 297.1225 POB 1993 474 10/16/2023 12/12/2022 C - 1 Books
Dewey Decimal Classification     JCC Rouf Library JCC Rouf Library General Stacks 11/20/2023 3 297.1225 POB 1993 475 03/14/2024 11/20/2023 C - 2 Books

JCC Library | Contacts | JCC Home

Last Update on 23 September 2017
Copyright @ 2017-2020 JCC Rouf Library
Rouf Library, Jhenidah Cadet College (JCC), Bangladesh